000 00882nam a22002657a 4500
005 20170123162303.0
010 _aA-518502
020 _c80.00
_a8172011539
035 _aA-518502
037 _bCen Lib/Ret
040 _aDPL
_bUR
082 _aن
_bڑ ے س
100 _aدسیی، انیتا
_9137675
245 _aپہاڑ پراگ /
_cانتا دسیی : مترجم راجندر
246 _bPaharh parag /
_aby Anita Sesayi ; mutrajam Rajandar
260 _aنئی دہلی
_c1994
_bسآ ہتیہ اکادمی
270 _bنئی دہلی
_aرویندرا بھوں 35 فیروز شاہ رود
_e110001
300 _a191p.
_c20cm(Hb)
650 _aاردو ادب
_9137676
650 _aاردو ناول
_9137677
650 _aUrdu literature
_9137678
650 _aUrdu novel
_9137679
700 _aراجندر
_9137680
942 _2ddc
_cUR
_hن
_mڑ ے س
999 _c106106
_d106106